Logo BPK

Biblioteka

Politechniki Koszalińskiej

Understanding television / (Rekord nr 50166)

Szczegóły MARC
000 -ETYKIETA REKORDU
podpole kontrolne o stałej długości 00915nam a2200289 i 4500
001 - NUMER KONTROLNY REKORDU
pole kontrolne bgj
020 ## - MIĘDZYNARODOWY ZNORMALIZOWANY NUMER KSIĄŻKI - ISBN
ISBN 041501672X (pbk)
040 ## - ŹRÓDŁO KATALOGOWANIA
Instytucja, która utworzyła rekord BPK
041 0# - KOD JĘZYKA
Kod języka tekstu eng
920 ## - Międzynarodowy znormalizowany numer książki – ISBN
ISBN 0-415-01672-X (pbk)
008 - POLE O STAŁEJ DŁUGOŚCI - DANE KONTROLNE
podpole kontrolne o stałej długości s uk f |000 0 eng
245 00 - TYTUŁ/ODPOWIEDZIALNOŚĆ
Tytuł Understanding television /
Pozostałe elementy strefy tytułu i oznaczenia odpowiedzialności edited by Andrew Goodwin and Garry Whannel.
250 ## - STREFA WYDANIA
Oznaczenie wydania [Repr.].
260 ## - STREFA ADRESU WYDAWNICZEGO
Miejsce wydania London :
Nazwa wydawcy/dystrybutora Routledge,
Data publikacji, dystrybucji/powstania dokumentu 1995
Miejsce wydania New York.
300 ## - STREFA OPISU FIZYCZNEGO
Objętość X, 192 pp ;
Rozmiary 22 cm.
490 1# - STREFA SERII I DOKUMENTU WIELOCZĘŚCIOWEGO - FORMA NIE DO WYSZUKIWANIA
Tytuł i oznaczenie odpowiedzialności serii Studies in Culture and Communication / John Fiske, general editor
500 ## - UWAGI OGÓLNE
Tekst uwagi 1st published 1990.
504 ## - UWAGA DOTYCZĄCA BIBLIOGRAFII
Informacje o bibliografii References after each chapter.
505 ## - SFORMALIZOWANA UWAGA DOTYCZĄCA ZAWARTOŚCI
Pełny tekst uwagi Includes index.
650 #9 - HASŁO PRZEDMIOTOWE W FORMIE NAZWY OGÓLNEJ LUB JEDNOSTKOWEJ
Nazwa ogólna lub geograficzna Mass media
650 #9 - HASŁO PRZEDMIOTOWE W FORMIE NAZWY OGÓLNEJ LUB JEDNOSTKOWEJ
Nazwa ogólna lub geograficzna Television broadcasting
700 1# - HASŁO DODATKOWE - NAZWA OSOBOWA
Nazwa osobowa GOODWIN, Andrew.
Określenie związku między hasłem a opisywanym materiałem ed.
700 1# - HASŁO DODATKOWE - NAZWA OSOBOWA
Nazwa osobowa WHANNEL, Garry.
Określenie związku między hasłem a opisywanym materiałem ed.
700 1# - HASŁO DODATKOWE - NAZWA OSOBOWA
Nazwa osobowa FISKE, John.
Określenie związku między hasłem a opisywanym materiałem gen. ed.
830 #0 - HASŁO DODATKOWE SERII LUB DOKUMENTU WIELOCZĘŚCIOWEGO - TYTUŁ UJEDNOLICONY
Tytuł ujednolicony Studies in Culture and Communication (John Fiske, general editor)
856 ## - LOKALIZACJA I DOSTĘP DO ELEKTRONICZNYCH DOKUMENTÓW ZDALNYCH
Link (URL) http://koha.tu.koszalin.pl/cgi-bin/koha/opac-detail.pl?biblionumber=50166
Tekst linku Katalog online BPK
942 ## - DODATKOWE ELEMENTY (KOHA)
Typ dokumentu Książka
Egzemplarze
Wycofany Status egzemplarza Uszkodzony Dostępność Lokalizacja stała Lokalizacja bieżąca Miejsce przechowywania Sygnatura Kod kreskowy Typ dokumentu
      Dostępny Biblioteka Politechniki Koszalińskiej Biblioteka Politechniki Koszalińskiej Wypożyczalnia Językowa BR 66 09000551 Książka
© 2023 Biblioteka Politechniki Koszalińskiej :: KOHA